Responses for Show #6643 - Wednesday, July 3, 2013

Ben Ingram game 3.

Contestants

[<< previous game]

Linda Vestrand, a human resources professional from Youngstown, Ohio

Hunter Sandison, a camera operator from Los Angeles, California

Ben Ingram, an IT consultant originally from Florence, South Carolina (whose 2-day cash winnings total $42,030)

[next game >>]

Jeopardy! Round responses

TENNIS THE MENACE
TV LOGOS
THE ORIGINAL 31 FLAVORS
4-LETTER "V"ORDS
A CONNECTICUT YANKEE
IN KING ARTHUR'S COURT
    $200 15
ankles

Hunter
    $200 5
the History channel

Hunter
    $200 11
(Ben: What is Apple?)

Lemon

BenHunter
    $200 4
vast

Hunter
    $200 2
(Dr.) Spock

Hunter
    $200 16
Guinevere

Hunter
    $400 26
clay

Ben
    $400 6
the Cartoon Network

Hunter
    $400 12
Vanilla

Linda
    $400 9
Viva

Hunter
    $400 3
(Charles Henry) Dow

Ben
    $400 17
Merlin

Hunter
    $600 30
wrist

Triple Stumper
    $600 7
(Hunter: What is National Geographic?)
[NOTE: This logo was retired in 2008.]

Animal Planet

HunterLinda
    $600 21
Egg Nog

Hunter
    $600 10
vino

Ben
    $1,000 1
(Nathan) Hale

Ben
    $600 20
Excalibur

Linda
    $800 29
the calves

Ben
    $800 8
PBS

Hunter
    $800 22
Peppermint

Linda
    $800 18
veer

Hunter
    $800 14
(Samuel) Colt

Ben
    $800 24
(Ben: What is the Flying Dutchman?)

the Holy Grail

BenHunter
    $1000 28
(Hunter: What are quadriceps?)

the rotator cuff

Hunter
Triple Stumper
    $1000 13
Univision

Hunter
    $1000 23
Rocky Road

Hunter
    $1000 19
vend

Hunter
    $1000 27
(Noah) Webster

Ben
    $1000 25
(Linda: Who is Mordor?)

Mordred

Linda
Triple Stumper

Scores at the first commercial break (after clue 15):

Ben Hunter Linda
$2,600 $3,000 $1,000

Scores at the end of the Jeopardy! Round:

Ben Hunter Linda
$4,000 $6,800 $1,400

Double Jeopardy! Round responses

LITERARY MOUNTAIN CLIMBING
BOTTOM FEEDERS
BEFORE & AFTER
CONTAIN YOURSELF
TITLE ROLE PLAYING
AN "F" IN HISTORY
    $400 29
Cold

Hunter
    $400 28
a clam

Hunter
    $400 30
the Little League of Nations

Hunter
    $400 25
(Alex: Correct, with a minute to go.)

a pillbox

Hunter
    $400 1
Jamie Foxx

Hunter
    $400 18
Florence

Ben
    $800 27
Louis L'Amour

Triple Stumper
    $800 26
eyes

Hunter
    $800 23
West Point blank

Ben
    $800 24
the host

Linda
    $800 22
Matt Damon

Hunter
    $800 19
a fief

Hunter
    $1200 2
"Brokeback Mountain"

Hunter
    $1200 14
a starfish

Hunter
    $1200 8
Wreck-It Ralph Lauren

Hunter
    $1200 5
bail

Ben
    $1200 11
Tom Cruise

Linda
    $5,000 4
(Ben: Who is Juarez?)

Vicente Fox

Ben
    $1600 3
The Magic Mountain

Ben
    $3,000 15
(Hunter: What is coral?)

sponge

Hunter
    $1600 9
Chris Christie Todd Whitman

Ben
    $1600 6
scuttle

Triple Stumper
    $1600 12
Ellen Burstyn

Triple Stumper
    $1600 20
the Fugitive Slave Law

Ben
    $2000 17
(H.P.) Lovecraft

Ben
    $2000 16
worms

Hunter
    $2000 10
Juliette Gordon Low Countries

Ben
    $2000 7
(Hunter: What's an urn?)

an amphora

Hunter
Triple Stumper
    $2000 13
Michael Cera

Hunter
    $2000 21
King Faisal

Hunter

Scores at the end of the Double Jeopardy! Round:

Ben Hunter Linda
$10,200 $15,800 $3,400

[wagering suggestions for these scores]

Final Jeopardy! Round responses

20th CENTURY MUSIC
LindaWho is ?
$3,399
BenWho is Copland?
$1,000
HunterWho is Carlson
$4,600
Aaron Copland

Final scores:

Ben Hunter Linda
$11,200 $11,200 $1
3-day co-champion: $53,230 New co-champion: $11,200 2nd place: $2,000

Game dynamics:

Coryat scores:

Ben Hunter Linda
$14,800 $18,800 $3,400
15 R
(including 1 DD),
3 W
(including 1 DD)
30 R,
4 W
(including 1 DD)
6 R,
1 W

Combined Coryat: $37,000

[game clues] [game scores] [suggest correction]

Game tape date: 2013-03-27
The J! Archive is created by fans, for fans. Scraping, republication, monetization, and malicious use prohibited; this site may use cookies and collect identifying information. See terms. The Jeopardy! game show and all elements thereof, including but not limited to copyright and trademark thereto, are the property of Jeopardy Productions, Inc. and are protected under law. This website is not affiliated with, sponsored by, or operated by Jeopardy Productions, Inc. Join the discussion at JBoard.tv.